000 00563nam a22001817a 4500
005 20251108175742.0
008 250721s2016 xx 000 0 ara d
082 1 4 _aط/ق/جبر
100 1 _aعبوشي، سامح
_eمعد
245 1 0 _aصندوق العجب /
264 1 _aرام الله - فلسطين :
_bمؤسسة تامر للتعليم المجتمعي،
_c2016.
300 _a30ص.
650 1 7 _aادب اطفال
650 1 7 _aالقصص العربية
653 _aناشئون صغار (10-14)سنة
942 _2ddc
_cBK
999 _c141561
_d141561